Statistics for Guess The Lyrics #26

Click here to take the quiz!

General Stats

  • This quiz has been taken 410 times
  • The average score is 140 of 315

Answer Stats

% Correct
I
100%
a
96%
the
94%
you
94%
and
89%
me
82%
to
82%
On!
81%
on!
81%
be
80%
in
80%
your
80%
go
73%
my
70%
she
70%
She
70%
Her
67%
her
67%
of
66%
are
64%
that
64%
for
61%
will
58%
like
55%
take
55%
but
52%
up
52%
got
47%
heart
46%
life
45%
make
45%
out
45%
day
44%
down,
43%
every
43%
off
43%
had
42%
Come
41%
never
41%
night.
41%
la
39%
live
39%
She's
39%
she's
39%
away
38%
into
33%
feel
32%
She'll
32%
she'll
32%
you'll
32%
clothes
31%
you've
29%
gonna
27%
rain.
27%
same
27%
took
27%
Yeah,
26%
lips
25%
livin
25%
Livin
25%
new
25%
New
25%
crazy
24%
dancing
24%
brain.
23%
inside
23%
loca,
23%
loca.
23%
loca
23%
pain
23%
pull
23%
push
23%
red
23%
vida
23%
bullet
20%
girl's
20%
Once
20%
black
19%
color
19%
devil
19%
fall.
19%
light.
19%
wear
19%
skin's
18%
mocha
17%
Upside,
17%
insane.
16%
money
16%
York
16%
cats
15%
City
15%
makes
15%
voodoo
15%
dolls.
14%
taste
14%
superstitions
13%
candle
12%
premonition
12%
sensations
12%
addiction
11%
Champagne
11%
hotel
11%
pill
11%
water
11%
French
10%
kicks
10%
sleeping
10%
slipped
10%
Woke
10%
cheap
9%
drinks
9%
funky
9%
must've
9%
order
9%

Score Distribution

Percentile by Number Answered

Percent of People with Each Score

Your Score History

You have not taken this quiz